Shounen Jump's highest rated manga Quiz Stats

 Plays Quiz not verified by Sporcle

Challenge
Share
Tweet
Embed
Score 0/50 Timer 10:00
0 Plays Today
# Name of manga % Correct
#31Naruto
96.1%
#1One Piece
95.7%
#12Dragon Ball
84.5%
#5Hunter x Hunter
80.2%
#3Death Note
76.7%
#15Gintama
70.7%
#49World Trigger
70.7%
#25Yu Yu Hakusho
66.4%
#9Boku no hero academia
65.5%
#19Kuroko no Basket
65.1%
#4Haikyuu!!
64.2%
#2Slam Dunk
63.8%
#7Rurouni Kenshin: Meiji Kenkaku Romantan
58.6%
#10Shokugeki no Souma
57.8%
#6JoJo no Kimyou na Bouken Part 4: Diamond wa Kudakenai
56.5%
#17JoJo no Kimyou na Bouken Part 2: Sentou Chuuryuu
56.5%
#27JoJo no Kimyou na Bouken Part 6: Stone Ocean
56.5%
#35JoJo no Kimyou na Bouken Part 5: Ougon no Kaze
56%
#14Bakuman.
53.9%
#26Katekyo hitman Reborn!
53.9%
#18Ansatsu Kyoushitsu
52.6%
#36Hokuto no Ken
49.1%
#46Dr. Stone
48.7%
#23JoJo no Kimyou na Bouken Part 3: Stardust Crusaders
46.1%
#11Eyeshield 21
45.3%
# Name of manga % Correct
#39Saiki Kusuo no Ψ-nan
43.5%
#8Yakusoku no Neverland
43.1%
#48Muhyo to Rouji no Mahouritsu Soudan Jimusho
41.4%
#22Beelzebub
40.1%
#40Shaman King
40.1%
#43Tennis no Oujisama
38.8%
#16SKET Dance
36.6%
#37Black Cat
30.2%
#29Hikaru no Go
28.9%
#21City Hunter
25%
#42Medaka Box
24.6%
#38Ichigo 100%
23.3%
#30Psyren
21.1%
#44I''s
17.7%
#33Nurarihyon no Mago
17.2%
#34Dragon Quest: Dai no Daibouken
14.7%
#28Rookies
12.9%
#13Hadashi no Gen
10.8%
#32Mx0
9.5%
#20Ginga Nagareboshi Gin
8.6%
#50Hinomaruzumou
6.9%
#24Majin Tantei Nougami Neuro
4.7%
#45Whistle!
4.3%
#41Hareluya II Boy
2.6%
#47Koisome Momiji
0.9%

You're not logged in!

Compare scores with friends on all Sporcle quizzes.
Join for Free
OR
Log In

You Might Also Like...

Show Comments

Extras

Created Feb 24, 2016SourceReportNominate
Tags:manga

Top Quizzes Today


Score Distribution

Your Account Isn't Verified!

In order to create a playlist on Sporcle, you need to verify the email address you used during registration. Go to your Sporcle Settings to finish the process.

Report this User

Report this user for behavior that violates our Community Guidelines.

Details: